Путешествие по лингвистике с чукотским языком (Запись № 13552073)

Подробности
000 -МАРКЕР
контрольное поле 03961nam0a2200469 4500
001 - ИДЕНТИФИКАТОР ЗАПИСИ
контрольное поле RU\NLR\BIBL_A\022671637
005 - ИДЕНТИФИКАТОР ВЕРСИИ
контрольное поле 20260624155447.0
010 ## - МЕЖДУНАРОДНЫЙ СТАНДАРТНЫЙ НОМЕР КНИГИ (ISBN)
Номер (ISBN) 978-5-4465-4390-8
Тираж 500
021 ## - НОМЕР ГОСУДАРСТВЕННОЙ РЕГИСТРАЦИИ
Код страны Российская Федерация
Номер КН-П-25-061768
Номер Листа государственной регистраци КН-П-25-5970
035 ## - ДРУГИЕ СИСТЕМНЫЕ НОМЕРА
Идентификатор записи (NLR Aleph) 022671637
100 ## - ДАННЫЕ ОБЩЕЙ ОБРАБОТКИ
Данные общей обработки 20251124d2025 u y0rusy50 ca
101 0# - ЯЗЫК РЕСУРСА
Язык текста, звукозаписи и т.д. русский
-- луораветланский, чукотский
102 ## - СТРАНА ПУБЛИКАЦИИ ИЛИ ПРОИЗВОДСТВА
Страна публикации Российская Федерация
105 ## - ПОЛЕ КОДИРОВАННЫХ ДАННЫХ: ТЕКСТОВЫЕ МАТЕРИАЛЫ, МОНОГРАФИЧЕСКИЕ
Кодированные данные о монографическом текстовом документе a z 000yy
181 #0 - ПОЛЕ КОДИРОВАННЫХ ДАННЫХ: ВИД СОДЕРЖАНИЯ
Код вида содержания (ISBD) i
Код характеристики содержания (ISBD) axxe
182 #0 - ПОЛЕ КОДИРОВАННЫХ ДАННЫХ: ТИП СРЕДСТВА
Код типа средства (ISBD) n - непосредственное
200 1# - ЗАГЛАВИЕ И СВЕДЕНИЯ ОБ ОТВЕТСТВЕННОСТИ
Основное заглавие Путешествие по лингвистике с чукотским языком
Сведения, относящиеся к заглавию по материалам экспедиций 2021–2023 гг., реализованных в рамках программы "Открываем Россию заново"
Первые сведения об ответственности И. А. Зибер, И. А. Стенин, А. М. Старченко [и др.]
Последующие сведения об ответственности ответственные редакторы: И. А. Зибер, И. А. Стенин
-- Национальный исследовательский университет "Высшая школа экономики", Научно-учебная лаборатория социогуманитарных исследований Севера и Арктики
203 ## - ВИД СОДЕРЖАНИЯ И ТИП СРЕДСТВА
Вид содержания Текст
Дополнительные сведения об издании визуальный
Тип средства непосредственный
210 ## - ПУБЛИКАЦИЯ, РАСПРОСТРАНЕНИЕ И ДР.
Место издания, распространения и т.д. Москва
Имя издателя, распространителя и т. д. Буки Веди
Дата издания, распространения и т.д. 2025
215 ## - ФИЗИЧЕСКАЯ ХАРАКТЕРИСТИКА
Специфическое обозначение материала и объем 197, [2] с.
Другие сведения о физической характеристике ил., табл., цв. ил.
Размеры 21
225 1# - СЕРИЯ
Основное заглавие серии Библиотека Арктической лаборатории
225 1# - СЕРИЯ
Основное заглавие серии Открываем Россию заново
300 ## - ОБЩИЕ ПРИМЕЧАНИЯ
Текст примечания Авт. указаны на обороте тит. с.
300 ## - ОБЩИЕ ПРИМЕЧАНИЯ
Текст примечания На обороте тит. с. в макете загл. серии: Библиотека Лаборатории социогуманитарных исследований Севера и Арктики
300 ## - ОБЩИЕ ПРИМЕЧАНИЯ
Текст примечания В конце кн. авт.: Зибер И. А., доцент, Стенин И. А., ст. преподаватель, Старченко А. М., ст. преподаватель
300 ## - ОБЩИЕ ПРИМЕЧАНИЯ
Текст примечания Текст рус., чукот.
320 ## - ПРИМЕЧАНИЯ О НАЛИЧИИ В ДОКУМЕНТЕ БИБЛИОГРАФИИ / УКАЗАТЕЛЯ
Текст примечания Библиогр.: с. 195–197 и в подстроч. примеч.
606 1# - НАИМЕНОВАНИЕ ТЕМЫ КАК ПРЕДМЕТ
Наименование темы Чукотский язык
Формальный подзаголовок Популярные издания
Код системы nlr_sh1
-- nlr_sh2
Идентификатор авторитетной/нормативной записи RU\NLR\AUTH\66721024
686 1# - ИНДЕКСЫ ДРУГИХ КЛАССИФИКАЦИЙ
Индекс Ш175.311я9
701 #1 - ИМЯ ЛИЦА - АЛЬТЕРНАТИВНАЯ ОТВЕТСТВЕННОСТЬ
Начальный элемент ввода Зибер
Часть имени, кроме начального элемента ввода И. А.
Расширение инициалов личного имени Инна Арнольдовна
701 #1 - ИМЯ ЛИЦА - АЛЬТЕРНАТИВНАЯ ОТВЕТСТВЕННОСТЬ
Начальный элемент ввода Стенин
Часть имени, кроме начального элемента ввода И. А.
Расширение инициалов личного имени Иван Андреевич
701 #1 - ИМЯ ЛИЦА - АЛЬТЕРНАТИВНАЯ ОТВЕТСТВЕННОСТЬ
Начальный элемент ввода Старченко
Часть имени, кроме начального элемента ввода А. М.
Расширение инициалов личного имени Алексей Миронович
711 02 - НАИМЕНОВАНИЕ ОРГАНИЗАЦИИ - АЛЬТЕРНАТИВНАЯ ОТВЕТСТВЕННОСТЬ
Начальный элемент ввода "Высшая школа экономики", национальный исследовательский университет
Идентифицирующий признак Москва
Структурное подразделение Экспедиция по изучению чукотского языка
Дата проведения временной организации 2021
Место проведения временной организации с. Амгуэма, Чукотский автономный округ
Идентификатор авторитетной/нормативной записи RU\NLR\AUTH\880638474
711 02 - НАИМЕНОВАНИЕ ОРГАНИЗАЦИИ - АЛЬТЕРНАТИВНАЯ ОТВЕТСТВЕННОСТЬ
Начальный элемент ввода "Высшая школа экономики", национальный исследовательский университет
Идентифицирующий признак Москва
Структурное подразделение Экспедиция по изучению чукотского языка
Дата проведения временной организации 2022
Место проведения временной организации с. Амгуэма, Чукотский автономный округ
Идентификатор авторитетной/нормативной записи RU\NLR\AUTH\880638475
711 02 - НАИМЕНОВАНИЕ ОРГАНИЗАЦИИ - АЛЬТЕРНАТИВНАЯ ОТВЕТСТВЕННОСТЬ
Начальный элемент ввода "Высшая школа экономики", национальный исследовательский университет
Идентифицирующий признак Москва
Структурное подразделение Экспедиция по изучению чукотского языка
Дата проведения временной организации 2023
Место проведения временной организации с. Амгуэма, Чукотский автономный округ
Идентификатор авторитетной/нормативной записи RU\NLR\AUTH\880638476
712 02 - НАИМЕНОВАНИЕ ОРГАНИЗАЦИИ - ВТОРИЧНАЯ ОТВЕТСТВЕННОСТЬ
Начальный элемент ввода "Высшая школа экономики", национальный исследовательский университет
Идентифицирующий признак Москва
Структурное подразделение Научно-учебная лаборатория социогуманитарных исследований Севера и Арктики
Идентификатор авторитетной/нормативной записи RU\NLR\AUTH\880635730
Код отношения Прочие
942 ## - ДОПОЛНИТЕЛЬНЫЕ ЭЛЕМЕНТЫ ЗАПИСИ (АБИС)
Тип экземпляра АБИС Книга
980 ## - КОЛЛЕКЦИЯ
Название коллекции Национальная библиография

Нет доступных экземпляров.